Palmarès Tottenham Hotspurs - Statistiques

Statistiques générales
  • Ce quiz a été pris 53 fois
  • Le résultat moyen est 5 sur 7
Statistiques - réponses
Année Trophée % Correct
1951 et 1961 Premier League 2
96%
1901, 1921, 1961, 1962, 1967, 1981, 1982 et 1991 Emirats FA Cup 8
92%
1972 et 1985 Europa League 2
85%
1971, 1973, 1999 et 2008 EFL Cup 4
83%
1921, 1951, 1961, 1962, 1967, 1981, 1991 Community Shield 7
63%
1963 Coupe des coupes 1
42%
1920 et 1950 Championship 2
40%
Aucun quiz correspondant
Distribution des résultats
% des personnes avec chaque résultat
Percentile par nombre de réponses
Votre historique - résultats
Vous n’avez pas pris ce quiz